000 00390nam a22001457a 4500
005 20250616140248.0
008 250616b |||||||| |||| 00| 0 eng d
020 _a1565632524
050 _aBS476
_bTAT
100 _aTATE RANDOLPH W.
245 _aBIBLICAL INTERPRETATION;
_bAN INTEGRATED APPROACH
260 _aUSA
_bHENDRICKSON PUBLISHERS
_cc1997
300 _aix, 276p
942 _2lcc
_cBK
_n0
999 _c6522
_d6522